Jesucristo, luz del mundo: catecismo católico breve
Uloženo v:
| Hlavní autor: | |
|---|---|
| Médium: | Kniha |
| Jazyk: | španělština |
| Vydáno: |
Santiago
Andrés Bello
1993
|
| Vydání: | 1a. ed |
| Témata: | |
| Tagy: |
Přidat tag
Žádné tagy, Buďte první, kdo vytvoří štítek k tomuto záznamu!
|
MARC
| LEADER | 00000cam a2200000 a 4500 | ||
|---|---|---|---|
| 001 | UCJ2780 | ||
| 003 | CL-VaPUC | ||
| 008 | 070112e19930000CL |||||||||||||||||spa|d | ||
| 020 | |a 9561311291 | ||
| 082 | 0 | 4 | |a 238 |b IBA |2 21 |
| 100 | |a Ibáñez Langlois, José Miguel |e author |9 316900 | ||
| 245 | 1 | 0 | |a Jesucristo, luz del mundo: catecismo católico breve |
| 250 | |a 1a. ed | ||
| 300 | |a 134 p | ||
| 942 | |c BK | ||
| 945 | |d 20070112 00:00:00 |a lvergara | ||
| 260 | |a Santiago |b Andrés Bello |c 1993 | ||
| 650 | 7 | |a CATECISMOS Y CREDOS |2 CL-VaPUC |9 258689 | |
| 650 | 0 | |a Catecismo |9 333878 | |
| 650 | 0 | |a Catolicismo |9 258690 | |
| 650 | 0 | |a Cristianismo |9 257361 | |
| 650 | 0 | |a Iglesia Católica |9 256114 | |
| 583 | |a last modification |c 20160725 04:54:28 |k Rodrigo Vera | ||
| 999 | |c 318911 |d 318909 | ||
| 952 | |0 0 |1 0 |4 0 |6 238_000000000000000_IBA_1993 |7 0 |8 A |9 397107 |a BIBTEO |b BIBTEO |d 2019-11-22 |i 4245121 |o 238 IBA 1993 |p 4245121 |r 2025-01-17 |w 2019-11-22 |y BK |k ICR | ||
| 952 | |0 0 |1 0 |3 erb |4 0 |6 238_000000000000000_IBA_1993 |7 0 |8 A |9 397109 |a BIBTEO |b BIBTEO |e Villagrán Garnham, Jorge |i 5317177 |o 238 IBA 1993 |p 5317177 |r 2025-01-17 |w 2019-11-22 |y BK |z Catalogado en:20160731 |k ICR | ||